Statystyki dla Kraje do Których Polskie MSZ Odradza Podróżowania

Kliknij tutaj aby rozwiązać quiz!

Ogólne statystyki

  • Ten quiz został rozwiązany 191 razy
    (106 od ostatniego zresetowania)
  • Średni wynik to 16 z 31

Statystyki odpowiedzi

Nazwa kraju% Poprawnych
Rosja
86%
Irak
85%
Iran
85%
Afganistan
78%
Syria
76%
Korea Północna
74%
Ukraina
74%
Demokratyczna Republika Konga
68%
Białoruś
66%
Somalia
66%
Nigeria
61%
Sudan
60%
Pakistan
59%
Jemen
56%
Libia
53%
Sudan Południowy
53%
Czad
49%
Erytrea
49%
Etiopia
49%
Wenezuela
48%
Algieria
46%
Mali
45%
Mauretania
40%
Republika Środkowoafrykańska
36%
Burkina Faso
32%
Gwinea
30%
Mjanma
30%
Burundi
25%
Haiti
25%
Salwador
25%
Honduras
21%

Rozkład punktacji

Percentyl według liczby udzielonych odpowiedzi

Procent ludzi z każdym wynikiem

Twoja historia wyników

Nie rozwiązałeś tego quizu od ostatniego zresetowania